000 00823cab a2200241 4500
001 X96152
008 090401t1998 xxu||||| |||| 00| 0 eng d
035 _a(Sirsi) u90790
041 _aeng
245 _aPozzolanic Lytag Limited v Bryan Hobson Associates
260 _c1998
350 _a0
490 _aConstruction Industry Law Letter
_v[1998] CILL, 1450-1452(3)
520 _aTCC 13 November 1998. Obligation of the project manager to ensure that the contractor has adequate insurance in place - novus actus interveniens - contributory negligence. Headnote from journal.
650 _aCONTRIBUTORY NEGLIGENCE
650 _aInsurance
_96249
650 _aLIABILITY
650 _aNOVUS ACTUS INTERVENIENS
650 _aPROJECT MANAGERS
690 _aINSURANCE-CASE LAW
942 _n0
948 _c19/01/1999
999 _c57583
_d57583